Aė̳s Eleitorais Teoria e Prt̀ica /

Bibliographic Details
Main Author: Silva, Amaury
Format: eBook
Language:Portuguese
Published: San Pablo: JH Mizuno, 2016
Subjects:
Online Access:Acceso restringido

MARC

LEADER 00000nam a22000007a 4500
005 20180312232026.0
007 cr|||| ||||
008 180312s2016 br |||||s|||| 00||0 por d
020 |a 978-85-7789-254-9 
035 |a 21048 
040 |a vLex 
090 |c 7457  |d 7457 
100 1 |a Silva, Amaury 
245 1 0 |a Aė̳s Eleitorais  |h [Recurso electrn̤ico] :  |b Teoria e Prt̀ica /  |c Amaury Silva 
256 |a Servicio en ln̕ea 
260 |a San Pablo:  |b JH Mizuno,  |c 2016 
300 |a 1 recurso electrn̤ico 
506 1 |a Disponible solo en los productos indicados  |d vLex Global  |d vLex Global (Academic Edition, excluding Law Schools)  |d vLex Global (U.S. Academic Edition, Law Schools)  |d vLex Global (U.S. Academic Edition, excluding Law Schools)  |d vLex Global (Academic Edition, Law Schools) 
650 0 4 |a Rǧimen Electoral  |z Brasil 
740 0 |a vLex Libros (Servicio en ln̕ea) 
856 4 0 |u http://vlex.com/source/a-es-eleitorais-21048  |z Acceso restringido 
942 |c BOOK 
999 0 |a Electoral Regime